00537nam a2200181 a 45000010010000000030011000100080041000210350026000620820016000881000017001042450031001212600049001526500017002019420012002189520090002309980020003209990015003400000-8791ELIB.Books110520 1973  a(ELIB.Books)0000-8937 a232.6 bLin aLindsey, Hal aThere's a new world Coming bCalifornia: Vision House Publications c1973 aJesus Christ 2ddccBK 00102ddc4070aKBTSbKBTSd2011-05-20l0p8646r2022-01-22 00:00:00w2022-01-22yBK cbate2011-05-20 c8791d8791